Ako naozaj funguje svet

Guardado en:
Detalles Bibliográficos
Autor principal: Smil, Václav
Formato: Libro
Lenguaje:eslovaco
Publicado: Bratislava Premedia 2022
Edición:1. vydanie
Materias:
Etiquetas: Agregar Etiqueta
Sin Etiquetas, Sea el primero en etiquetar este registro!

MARC

LEADER 00000nam a2200000 4500
001 0292271
005 20240416114207.2
020 |a 978-80-8242-109-8 
041 0 |a slo 
044 |a SK 
245 1 0 |a Ako naozaj funguje svet  |c Václav Smil 
250 |a 1. vydanie 
264 1 |a Bratislava  |b Premedia  |c 2022 
300 |a 327 s. 
610 2 0 |a civilizácia 
610 2 0 |a spoločnosť 
610 2 0 |a palivá 
610 2 0 |a elektrina 
610 2 0 |a biosféra 
610 2 0 |a prostredie životné 
610 2 0 |a globalizácia 
100 1 |a Smil, Václav